स्वछन्दतावाद और दिनकर का काव्य / (Record no. 113108)

MARC details
000 -LEADER
fixed length control field 01141nam a22002657a 4500
005 - DATE AND TIME OF LATEST TRANSACTION
control field 20170124102948.0
010 ## - LIBRARY OF CONGRESS CONTROL NUMBER
LC control number A-769026
020 ## - INTERNATIONAL STANDARD BOOK NUMBER
Terms of availability 250.00
035 ## - SYSTEM CONTROL NUMBER
System control number A-769026
037 ## - SOURCE OF ACQUISITION
Source of stock number/acquisition Cen Lib/Ret
040 ## - CATALOGING SOURCE
Original cataloging agency DPL
Language of cataloging HN
082 ## - DEWEY DECIMAL CLASSIFICATION NUMBER
Classification number 821.08
Item number शर्माज
100 ## - MAIN ENTRY--PERSONAL NAME
Personal name शर्मा, जगमोहन
9 (RLIN) 50667
245 ## - TITLE STATEMENT
Title स्वछन्दतावाद और दिनकर का काव्य /
Statement of responsibility, etc जगमोहन शर्मा
246 ## - VARYING FORM OF TITLE
Title proper/short title Swanchndtavaad or dinkar ka kavy /
Remainder of title by Jagmohan Sharma
260 ## - PUBLICATION, DISTRIBUTION, ETC. (IMPRINT)
Name of publisher, distributor, etc शारदा प्रकाशन
Date of publication, distribution, etc 1995
Place of publication, distribution, etc नयी दिल्ली
270 ## - ADDRESS
City नयी दिल्ली
Address 16/F-3, अंसारी रोड, दरयागंज
Postal code 110002
300 ## - PHYSICAL DESCRIPTION
Extent 295पृ.
Dimensions 21सेमी(सजिल्द )
500 ## - GENERAL NOTE
General note सन्दर्भ सूची शामिल
650 ## - SUBJECT ADDED ENTRY--TOPICAL TERM
Topical term or geographic name as entry element हिंदी साहित्य
General subdivision
Geographic subdivision
9 (RLIN) 50668
650 ## - SUBJECT ADDED ENTRY--TOPICAL TERM
Topical term or geographic name as entry element स्वछन्दतावाद
9 (RLIN) 560
650 ## - SUBJECT ADDED ENTRY--TOPICAL TERM
Topical term or geographic name as entry element Hindi literature
9 (RLIN) 50669
650 ## - SUBJECT ADDED ENTRY--TOPICAL TERM
Topical term or geographic name as entry element Swcndtawad
9 (RLIN) 50670
942 ## - ADDED ENTRY ELEMENTS (KOHA)
Source of classification or shelving scheme Dewey Decimal Classification
Koha item type Hindi Books
Classification part 821.08
Call number suffix शर्माज
Holdings
Withdrawn status Lost status Damaged status Not for loan Home library Current library Date acquired Source of acquisition Cost, normal purchase price Total Checkouts Full call number Barcode Date last seen Copy number Cost, replacement price Price effective from Koha item type
        Central Library Central Library 11/08/2015 Cen Lib/Ret 250.00   821.08 शर्माज A-769026 11/08/2015 1 250.00 11/08/2015 Hindi Books

© Delhi Public Library
Hit Counter
free hit counter